| 000 | 00770npc a2200217Ia 4500 | ||
|---|---|---|---|
| 001 | dg22-1339 [d000001302] | ||
| 003 | IT-MiCISF | ||
| 008 | 161014s9999||||xx | und|| | ||
| 040 |
_aIT-MiCISF _cIT-MiCISF |
||
| 041 | _ait | ||
| 100 | _aGiobbi Aldo | ||
| 245 | 0 |
_aIdentità ed etica della professione educativa nelle nuove condizioni sociali _bAtti convegno, 12-13 dicembre 1990 |
|
| 250 | _a1a ed. | ||
| 260 |
_a Milano _bE.S.A.E. _c1991 |
||
| 300 | _app. 82 | ||
| 500 | _aCassnamgnago Cerretti M.L., Bertani A., Pati L., Kaneklin C., Martini C.M., Volta G., Reguzzoni M., Demetrio D., Toia P. / servizi, operatori, formazione, etica, educazione / | ||
| 650 | _aservizi-alla-persona | ||
| 700 | _aAA.VV. | ||
| 942 | _cDD | ||
| 957 | _71 | ||
| 999 |
_a1339 _bsi _g1 _c207738 _d207738 |
||